LEADER 01058nam0-2200361---450- 001 990008491510403321 005 20071017101042.0 010 $a0-691-12862-6 035 $a000849151 035 $aFED01000849151 035 $a(Aleph)000849151FED01 035 $a000849151 100 $a20070323d2007----km-y0itay50------ba 101 0 $aeng 102 $aUS 105 $aa---a---001yy 200 1 $aIntegration of one-forms on P-adic analytic spaces$fVladimir G. Berkovich 210 $aPrinceton$cPrinceton University Press$dc2007 215 $avi, 156 p.$d24 cm 225 1 $aAnnals of mathematics studies$v162 610 0 $aGeometria algebrica 610 0 $aVariabili complesse e spazi analitici 676 $a516.35$v21$zita 700 1$aBerkovich,$bVladimir G.$054437 801 0$aIT$bUNINA$gRICA$2UNIMARC 901 $aBK 912 $a990008491510403321 952 $aC-11-(162$b21840$fMA1 959 $aMA1 962 $a14-02 962 $a32-02 996 $aIntegration of one-forms on P-adic analytic spaces$9731293 997 $aUNINA LEADER 01090nam0 22002531i 450 001 SUN0042837 005 20060327120000.0 010 $a88-8294-416-6 100 $a20060327d2002 |0itac50 ba 101 $aita 102 $aIT 105 $a|||| ||||| 200 1 $aˆLa ‰tutela extragiudiziale degli interessi$enegoziazione, conciliazione, mediazione e arbitrato in Italia, per tutelare i propri interessi sul fondamento dell'autonomia privata$fdi Paolo S. Nicosia 210 $aPiacenza$cLa tribuna$dc2002 215 $a351 p.$d25 cm. 620 $dPiacenza$3SUNL000026 700 1$aNicosia$b, Paolo S.$3SUNV035016$0612727 712 $aLa tribuna$3SUNV000111$4650 801 $aIT$bSOL$c20181109$gRICA 912 $aSUN0042837 950 $aUFFICIO DI BIBLIOTECA DEL DIPARTIMENTO DI GIURISPRUDENZA$d00 CONS XVI.Eb.53 $e00 31614 995 $aUFFICIO DI BIBLIOTECA DEL DIPARTIMENTO DI GIURISPRUDENZA$h31614$kCONS XVI.Eb.53$op$qa 996 $aTutela extragiudiziale degli interessi$91421212 997 $aUNICAMPANIA